000 00426nam a2200169Ia 4500
005 20240722034005.0
008 240331s9999 xx 000 0 und d
020 _a818878947X
082 _bBAB
_a211
100 _aBaber, Z
245 0 _aSecularism, Communalism and the Intellectuals
260 _aNew delhi
_bThree Essays Collecetive
_c2006
300 _a99 p .,
650 _a Secularism
650 _aSocial
942 _cL
999 _c5718
_d5718